00680nam a2200193 450000500170000000800430001702000180006005000240007810000190010224501000012125000110022126000400023230000270027249000300029950400220032965000430035165000560039470000360045020190115102535.0181210b nyu ||||| |||| 00| 0 eng d a978050029071206aNA2542.36bT46 20131 aThompson, Rob.10aSustainable materials, processes and productionc/ Rob Thomson ; photografhy by Martin Thompson a1a ed. aNew York :bThames & Hudson,c2013. a224 p. :bil. ;c24 cm0 aThe manufacturing guides. aIncluye índice. 72lembaMaterialesxAspectos ambientales 72lembaProcesos de manufacturaxAspectos ambientales1 aThompson, MartíneFotógrafo